Catalog

Record Details

Catalog Search



Psychopedie : [teoretické základy a metodika]  Cover Image Book Book

Psychopedie : [teoretické základy a metodika] / Milan Valenta ... [et al.]

Record details

  • ISBN: 978-80-7320-187-6
  • Physical Description: 495 s. : il. ; 30 cm
  • Edition: 5., aktualiz. a rozš. vyd.
  • Publisher: Praha : Parta, 2013

Content descriptions

Bibliography, etc. Note:
Obsahuje bibliografie
Subject: psychopedie
education of people with mental disabilities
Genre: učebnice vysokých škol
textbooks (higher)

Available copies

  • 1 of 1 copy available at Common Catalog SPOK.

Holds

  • 0 current holds with 1 total copy.
Show Only Available Copies
Location Call Number / Copy Notes Barcode Shelving Location Status Due Date
Jabok Library PeS-5.7
Pořízeno z projektu Škola jako místo, kde se vzdělává a žije: CZ.07.4.68/0.0/0.0/16_037/0000325
424480040385 Odborná literatura Available -

LDR 01173nam a2200337 a 4500
00130519
003CZ-PrJAB
00520180904145018.0
007ta
008131126s2013 xr a e p 000 0 cze
015 . ‡acnb002522382
020 . ‡a978-80-7320-187-6 ‡q(brož.)
035 . ‡a(CZ PrNK)nkc20132522382
035 . ‡a(OCoLC)870287916
040 . ‡aBOA001 ‡bcze
072 7. ‡a376 ‡xVýchova a vzdělávání zvláštních skupin osob ‡2Konspekt ‡922
072 7. ‡a37.016 ‡xUčební osnovy. Vyučovací předměty. Učebnice ‡2Konspekt ‡922
080 . ‡a376.1-056.36 ‡2MRF
080 . ‡a(075.8) ‡2MRF
24500. ‡aPsychopedie : ‡b[teoretické základy a metodika] / ‡cMilan Valenta ... [et al.]
250 . ‡a5., aktualiz. a rozš. vyd.
260 . ‡aPraha : ‡bParta, ‡c2013
300 . ‡a495 s. : ‡bil. ; ‡c30 cm
504 . ‡aObsahuje bibliografie
65007. ‡apsychopedie ‡7ph124820 ‡2czenas
65009. ‡aeducation of people with mental disabilities ‡2eczenas
655 7. ‡aučebnice vysokých škol ‡7fd133772 ‡2czenas
655 9. ‡atextbooks (higher) ‡2eczenas
7001 . ‡aValenta, Milan, ‡d1958- ‡7jn20010310214 ‡4aut
910 . ‡aABG312
901 . ‡a30519 ‡b ‡c30519 ‡tbiblio

Additional Resources